000 00700nam a2200241 i 4500
001 11645
003 ES-MaACL
005 20240510063020.0
007 t|
008 960801s1997 sp ||||1| spa d
020 _a8486351863
080 _a821.134.2-14"19"
100 1 _aQuirosa-Cheyrouze, Pilar.
_994797
245 1 0 _aDeshabitadas estancias /
_cPilar Quirosa-Cheyrouze.
250 _a1ª ed.
260 _aHumanes, Madrid :
_bJuan Pastor,
_c1997.
300 _a62 p. ;
_c20 cm.
490 1 _aDevenir. Serie Poesía ;
_v104
830 0 0 _aDevenir.
_pSerie Poesía ;
_v104
_9236243
852 _aES-MaACL
_jP-1931 N 104
_bR.126082
_911948
942 _2udc
999 _c11645
_d11645